Bilecik Bilecik Bilecik Bilecik Bilecik
Normal view MARC view

Entry Konu Terimi

Number of records used in: 1

001 - KONTROL NUMARASI

  • Kontrol alanı: 44606

003 - KONTROL NUMARASI KİMLİĞİ

  • Kontrol alanı: TR-BiSEU

005 - SON İŞLEM TARİHİ VE ZAMANI

  • Kontrol alanı: 20260207002255.0

008 - SABİT UZUNLUKTAKİ VERİ ÖGELERİ - GENEL BİLGİ

  • Sabit uzunlukta kontrol alanı: 260207|| aca||aabn | a|a d

040 ## - KATALOGLAMA KAYNAĞI

  • Özgün kataloglama kurumu: TR-BiSEU
  • Çeviri kurumu: TR-BiSEU

150 ## - KONU BAŞLIKLARI - KONU TERİMİ

  • Konu terimi: Rousseau, Jean Jacques, 1712-1778

670 ## - BİLGİNİN KAYNAĞI

  • Bilginin alındığı kaynak: KOHA: (TR-BiSEU)20289: Rousseau, Jean Jacques. 32389, Toplum anlaşması/